|
|
|
|
| LEADER |
00852 a2200217 4500 |
| 008 |
150105b xxu||||| |||| 00| 0 mal d |
| 020 |
|
|
|a 9788182651821
|
| 082 |
|
|
|a 923.154A1
|
| 100 |
|
|
|a Abdul Kalam, A. P. J.
|
| 245 |
|
|
|a Indiayude chaithanyam /
|c A. P. J. Abdul Kalam.
|
| 260 |
|
|
|c 2013.
|a Mathrubhumi Books,
|b Kozhikode :
|
| 300 |
|
|
|a 148p. ;
|c 22 cm.
|
| 504 |
|
|
|a Includes bibliographical references (p. 262-296) and abstract.
|
| 546 |
|
|
|a in Malayalam
|
| 650 |
|
|
|a Abdul Kalam, A. P. J.
|x Biography.
|
| 700 |
|
|
|a Sreekumar, N.
|e Translator.
|
| 942 |
|
|
|2 ddc
|c BK
|
| 502 |
|
|
|a Thesis (Ph. D.)--University of Calicut, 1900.
|
| 796 |
|
|
|c Dr.
|e Thesis advisor.
|
| 999 |
|
|
|c 104037
|d 104037
|
| 952 |
|
|
|0 0
|1 0
|4 0
|6 923_000000000000000_154A1_ABD_I_M
|7 0
|9 105510
|a UL
|b UL
|c ST1
|d 2014-01-06
|e 2
|g 68.00
|l 18
|m 5
|o 923.154A1 ABD/I M
|p 91400
|r 2021-09-10
|s 2021-09-09
|v 100.00
|y BK
|